00548nam a22001577a 450000500170000001000150001702000260003203500140005803700130007208200110008510000190009624500840011526000640019927000880026330000390035120220629124310.0 aENG-133399 a9789393330154c950.00 aEN-116931 bDBAD/PUB a512.97 aIosevich, Alex aA View from the Top:bAnalysis, Combinatorics and Number Theory/cAlex Iosevich aHyderabadbUniversities Press (India) Private Limitedc2007 a3-6-747/1/A & 3-6-754/1 HimayatnagarbTelanganae500029minfo@universitiespress.com axi, 136p.bBibliographyc22cm(pbk)